LEADER 02951oam 22005774a 450 001 9910458133003321 005 20210111131203.0 010 $a1-282-90155-9 010 $a9786612901553 010 $a2-86978-419-8 010 $a2-86978-375-2 010 $a2-86978-292-6 035 $a(CKB)2560000000051537 035 $a(EBL)1135165 035 $a(OCoLC)741350895 035 $a(SSID)ssj0000442123 035 $a(PQKBManifestationID)11296775 035 $a(PQKBTitleCode)TC0000442123 035 $a(PQKBWorkID)10445435 035 $a(PQKB)10418271 035 $a(MdBmJHUP)muse22006 035 $a(MiAaPQ)EBC1135165 035 $a(EXLCZ)992560000000051537 100 $a20070910d2007 uy 0 101 0 $aeng 181 $ctxt 182 $cc 183 $acr 200 00$aScholars in the Marketplace. The Dilemmas of Neo-Liberal Reform at Makerere University, 1989-2005$eThe Dilemmas of Neo-Liberal Reform at Makerere University, 1989-2005 /$fMahmood Mamdani 210 1$aDakar, Senegal :$cCODESRIA, Council for the Development of Social Science Research in Africa,$d2007 210 3$aBaltimore, Md. :$cProject MUSE,$d2013 210 4$dİ2007 215 $a1 online resource (314 p.) 300 $aDescription based upon print version of record. 311 $a2-86978-201-2 320 $aIncludes bibliographical references (p. 270-289) and index. 327 $aFront Cover; Title Page; Copyright Page; Table of Contents; List of Tables; Preface and Acknowledgements; Chapter One - The reform Process: The First Phase; Chapter Two - Winners and Losers; Chapter Three - Commercialisation; Chapter Four - Decentralisation; Conclusion - Higher Education and the Public University in an Independent Africa; Bibliography; Index; Back Cover 330 $aScholars in the Marketplace is a case study of market-based reforms at Uganda's Makerere University. With the World Bank heralding neoliberal reform at Makerere as the model for the transformation of higher education in Africa, it has implications for the whole continent. At the global level, the Makerere case exemplifies the fate of public universities in a market-oriented and capital friendly era. The Makerere reform began in the 1990's and was based on the premise that higher education is more of a private than a public good. Instead of pitting the public against the private, and the state... 606 $aPrivatization in education$zUganda 606 $aEducation, Higher$xEconomic aspects$zUganda 608 $aElectronic books. 615 0$aPrivatization in education 615 0$aEducation, Higher$xEconomic aspects 676 $a378.6761 700 $aMamdani$b Mahmood$f1946-$0243990 801 0$bMdBmJHUP 801 1$bMdBmJHUP 906 $aBOOK 912 $a9910458133003321 996 $aScholars in the Marketplace. The Dilemmas of Neo-Liberal Reform at Makerere University, 1989-2005$92446013 997 $aUNINA LEADER 04919nam 2200673 a 450 001 9910784927603321 005 20200520144314.0 010 $a1-282-70330-7 010 $a9786612703300 010 $a1-84951-071-7 035 $a(CKB)2670000000035246 035 $a(EBL)951173 035 $a(OCoLC)797915392 035 $a(SSID)ssj0000445153 035 $a(PQKBManifestationID)12128347 035 $a(PQKBTitleCode)TC0000445153 035 $a(PQKBWorkID)10480895 035 $a(PQKB)10106156 035 $a(Au-PeEL)EBL951173 035 $a(CaPaEBR)ebr10441074 035 $a(CaONFJC)MIL270330 035 $a(MiAaPQ)EBC951173 035 $a(PPN)228034027 035 $a(EXLCZ)992670000000035246 100 $a20110121d2010 uy 0 101 0 $aeng 135 $aur|n|---||||| 181 $ctxt 182 $cc 183 $acr 200 10$aYUI 2.8$b[electronic resource] $edevelop your next-generation web applications with the YUI JavaScript development library /$fDaniel Barreiro, Dan Wellman 210 $aBirmingham, U.K. $cPackt Open Source$d2010 215 $a1 online resource (404 p.) 225 1 $aCommunity experience distilled 300 $aIncludes index. 311 $a1-84951-070-9 327 $aCover; Copyright; About the Authors; About the Reviewers; Table of Contents; Preface; Chapter 1: Getting Started with YUI; What is the YUI?; Who is it for and who will it benefit the most?; Why the Yahoo! User Interface Library?; Graded browser support; What comes with the YUI?; The library topography; The core files; The Utilities; The controls; The CSS Tools; The developer tools; The library's structure; What else does Yahoo! provide?; Are there any licensing restrictions?; Installing the YUI; Creating an offline library repository; Using the library files in your own web pages 327 $aCode placementPerfect date selection with the Calendar Control; The basic Calendar class; The CalendarGroup class; Implementing a Calendar; The initial HTML page; Highly eventful; The DateMath class; Summary; Chapter 2: Creating Consistency with the CSS Tools; Tools of the trade; Element normalization with reset.css; Element rules; First base; Tidying up text with fonts.css; Layout pages with ease using grids.css; Setting up your page structure; The basic building blocks of your pages; Grid nesting; A word on Sam; Summary; Chapter 3: DOM Manipulation and Event Handling; Working with the DOM 327 $aDOM conceptsCommon DOM scripting techniques; Common DOM methods; Further reading; DOM-the old way; DOM-the YUI way; DOM manipulation in YUI; Many DOMs make light work; The Dom class; Using the Dom class; The Region class; Additional useful Dom methods; Other classes; The Selector Utility; Listening for Events the easy (YUI) way; Event models; Old styled events; YUI event capturing; Evolving event handlers; Reacting when appropriate; A look at the Event Utility; Listeners; Event delegation; Other plugins; Custom events; The evolution of Custom Events; EventProvider; Custom event basics 327 $aThe Element UtilitySubclassing from Element; Adding custom methods and properties; Using AttributeProvider; Summary; Chapter 4: Calling Back Home; Introduction to Connection Manager; The XMLHttpRequest object interface; A closer look at the response object; The Callback object; Basic communication; Sending forms; Posting; Yahoo Query Language (YQL); Overcoming the XDS restriction; Working with XML; Processing a JSON reply; Using JSONP with the Get utility; Loading library components via Get; Summary; Chapter 5: Animation, the Browser History Manager, and Cookies 327 $aIntroducing the Animation UtilityThe class structure of the Animation Utility; The Animation constructor; Animation's attributes; Custom Animation events; The subclasses; Additional classes; Using Animation to create an Accordion Widget; Listening to the end of the Animation; The CSS for Accordion; Using Element; Dealing with motion; Restoring the browser's expected functionality; The BHM class; Using BHM; The BHM script; Cookies; Summary; Chapter 6: Content Containers and Tabs; Meet the YUI Container family; Module; Overlay; Panel; Tooltip; Dialog; SimpleDialog; Container Effects 327 $aOverlayManager 330 $aDevelop your next-generation web applications with the YUI JavaScript development library 606 $aApplication software$xDevelopment 606 $aJavaScript (Computer program language) 615 0$aApplication software$xDevelopment. 615 0$aJavaScript (Computer program language) 676 $a005.13 676 $a006.76 700 $aBarreiro$b Daniel$01463333 701 $aWellman$b Dan$01463334 712 02$aYahoo! Inc. 801 0$bMiAaPQ 801 1$bMiAaPQ 801 2$bMiAaPQ 906 $aBOOK 912 $a9910784927603321 996 $aYUI 2.8$93672573 997 $aUNINA